Los degenerados ante la ley / (Record no. 180776)

MARC details
000 -LEADER
campo de control de longitud fija 00750nab a2200205 i 4500
001 - NÚMERO DE CONTROL
campo de control 180776
003 - IDENTIFICADOR DE NÚMERO DE CONTROL
campo de control ES-MaACL
005 - FECHA Y HORA DE LA ÚLTIMA TRANSACCIÓN
campo de control 20250902212117.0
008 - DATOS DE LONGITUD FIJA--INFORMACIÓN GENERAL
campo de control de longitud fija 120711s1913 sp 000 0 spa d
100 1# - ENTRADA PRINCIPAL--NOMBRE DE PERSONA
Nombre de persona Maestre, Tomás,
Fechas asociadas al nombre 1857-1936
Término indicativo de función/relación Autor
9 (RLIN) 75394
245 14 - MENCIÓN DEL TÍTULO
Título Los degenerados ante la ley /
Mención de responsabilidad, etc. por Tomás Maestre
300 ## - DESCRIPCIÓN FÍSICA
Extensión Páginas 14-24
594 ## - Nota al título y mención de responsabilidad
Nota al título y mención de responsabilidad Precede al título: Conferencias en San Carlos
650 #7 - PUNTO DE ACCESO ADICIONAL DE MATERIA--TÉRMINO DE MATERIA
Término de materia o nombre geográfico como elemento de entrada Enajenación mental (Derecho penal)-
Subdivisión geográfica España
9 (RLIN) 154233
655 #4 - TERMINO DE INDIZACIÓN--GENERO/FORMA
Datos o término principal de género/forma Conferencias
9 (RLIN) 234444
710 2# - ENTRADA AGREGADA--NOMBRE DE ENTIDAD CORPORATIVA
Nombre de entidad corporativa o nombre de jurisdicción como elemento de entrada Colegio de San Carlos (Madrid)
Término indicativo de función/relación entidad responsable
9 (RLIN) 174691
773 0# - ASIENTO DE ITEM FUENTE
Título La Palabra : revista taquigráfica,
Número Internacional Normalizado para Publicaciones Seriadas ISSN 2479-7723,
Parte(s) relacionada(s) N. 8 (15 abril 1913), p. 14-24
Número de control del registro 2879
Número bibliográfico anfitrión 2879
Número de ítem anfitrión 2987
942 ## - ELEMENTOS DE ENTRADA SECUNDARIOS (KOHA)
Tipo de ítem Koha Artículo de revista
Fuente del sistema de clasificación o colocación Clasificación decimal universal
Suprimir en OPAC No

No items available.